| Tag |
First Indicator |
Second Indicator |
Subfields |
| LEADER |
00000cam a2200000 a 4500 |
| 001 |
in00001404910 |
| 005 |
20151020064046.0 |
| 008 |
960522s1997 mau c 000 1 eng |
| 010 |
|
|
|a 96023763
|
| 020 |
|
|
|a 0395828481
|
| 035 |
|
|
|a (OCoLC)34926782
|
| 035 |
|
|
|9 AHP4418AM
|
| 040 |
|
|
|a DLC
|c DLC
|d TXA
|d UtOrBLW
|
| 049 |
|
|
|a TXAM
|
| 050 |
0 |
0 |
|a PZ7.D493
|b Pai 1997
|
| 082 |
0 |
0 |
|a [Fic]
|2 20
|
| 100 |
1 |
|
|a Deuker, Carl.
|
| 245 |
1 |
0 |
|a Painting the black /
|c Carl Deuker.
|
| 264 |
|
1 |
|a Boston :
|b Houghton Mifflin,
|c 1997.
|
| 300 |
|
|
|a 248 pages ;
|c 23 cm.
|
| 336 |
|
|
|a text
|b txt
|2 rdacontent
|
| 337 |
|
|
|a unmediated
|b n
|2 rdamedia
|
| 338 |
|
|
|a volume
|b nc
|2 rdacarrier
|
| 520 |
|
|
|a When star athlete Josh Daniels moves in across the street, Remy Ward doesn't realize how much his life will change during his senior year at Seattle's Crown Hill High.
|
| 650 |
|
1 |
|a Self-perception
|x Fiction.
|
| 650 |
|
0 |
|a Baseball stories.
|
| 650 |
|
1 |
|a High schools
|x Fiction.
|
| 650 |
|
1 |
|a Schools
|x Fiction.
|
| 948 |
|
|
|a c:jh
|
| 999 |
|
|
|a MARS
|
| 999 |
f |
f |
|s 114e70b3-7ce3-346f-8cdf-a98dd78d3b23
|i 7bec06eb-1692-3c11-b48b-d635f16c7a10
|t 0
|
| 952 |
f |
f |
|p normal
|a Texas A&M University
|b College Station
|c Sterling C. Evans Library
|d Evans: Curriculum Collection (4th floor)
|t 0
|e PZ7.D493 Pai 1997
|h Library of Congress classification
|i unmediated -- volume
|m A14823390219
|
| 998 |
f |
f |
|a PZ7.D493 Pai 1997
|t 0
|l Evans: Curriculum Collection (4th floor)
|